Digital Control
Na minha lista:
| Autor principal: | |
|---|---|
| Formato: | Livro |
| Idioma: | inglês |
| Publicado em: |
Chichester :
John Wiley & Sons,
2007
|
| Assuntos: | |
| Tags: |
Sem tags, seja o primeiro a adicionar uma tag!
|
MARC
| LEADER | 00000nam a22000003a 4500 | ||
|---|---|---|---|
| 001 | stu175524 | ||
| 005 | 20190206124350.5 | ||
| 008 | 081106s2007----uk------------------eng-d | ||
| 020 | |a 978-0-470-03143-8 | ||
| 040 | |a STU |b slo | ||
| 041 | 0 | |a eng | |
| 044 | |a uk | ||
| 100 | 1 | |a Moudgalya, Kannan M. |4 aut | |
| 245 | 1 | |a Digital Control | |
| 260 | |a Chichester : |b John Wiley & Sons, |c 2007 | ||
| 300 | |a 543 s | ||
| 650 | 7 | |a digitálne kontrolné systémy |2 stusub | |
| 996 | |b 284IK06596 |c I*3R5982 |l II680 |s A |a 24 |w stu175524_0001 | ||